[Event "WJCC U20 Girls 2019"]
[Site "New Delhi"]
[Date "2019.10.22"]
[Round "8.5"]
[White "Dordzhieva, Dinara"]
[Black "Pandey Srishti"]
[Result "1/2-1/2"]
[WhiteElo "2335"]
[BlackElo "1963"]
[Annotator "RC"]
[PlyCount "99"]
[EventDate "2019.10.15"]
[EventType "swiss"]
[EventCountry "IND"]
[SourceTitle "playchess.com"]
[Source "ChessBase"]
[SourceQuality "1"]
[TimeControl "40/5400+30:1800+30"]

1. d4 {[%emt 0:00:00]} Nf6 {[%emt 0:00:00]} 2. c4 {[%emt 0:00:00]} g6 {[%emt 0:00:00]} 3. Nc3 {[%emt 0:00:00]} Bg7 {[%emt 0:00:00]} 4. g3 {[%emt 0:00:03]} O-O {[%emt 0:00:00]} 5. Bg2 {[%emt 0:00:03]} d6 {[%emt 0:00:00]} 6. Nf3 {[%emt 0:00:03]} c5 {[%emt 0:00:01]} 7. O-O {[%emt 0:01:04]} Nc6 {[%emt 0:00:02]} 8. dxc5 {[%emt 0:00:58]} dxc5 {[%emt 0:00:05]} 9. Be3 {[%emt 0:00:02]} Be6 {[%emt 0:00:13]} 10. Ng5 {[%emt 0:07:55]} Qxd1 {[%emt 0:11:07]} 11. Rfxd1 {[%emt 0:00:26]} Bxc4 {[%emt 0:00:10]} 12. Bxc5 {[%emt 0:01:05]} Rfe8 {[%emt 0:02:17]} 13. Rac1 {[%emt 0:04:40]} Rac8 {[%emt 0:02:21]} 14. b3 {[%emt 0:12:24]} Ba6 {[%emt 0:01:59]} 15. b4 {[%emt 0:09:05]} h6 {[%emt 0:39:39]} 16. Nh3 {[%emt 0:31:21]} b6 {[%emt 0:06:12]} 17. b5 {[%emt 0:00:33]} Bxb5 {[%emt 0:00:07]} 18. Nxb5 {[%emt 0:00:38]} bxc5 {[%emt 0:00:04]} 19. Rxc5 {[%emt 0:00:03]} Nb4 {[%emt 0:00:32]} 20. Rxc8 {[%emt 0:00:58]} Rxc8 {[%emt 0:00:02]} 21. Nxa7 {[%emt 0:00:04]} Rc5 {[%emt 0:06:25]} 22. a3 {[%emt 0:03:47]} Nbd5 {[%emt 0:01:30]} 23. Nf4 {[%emt 0:02:15]} Nxf4 {[%emt 0:04:45]} 24. gxf4 {[%emt 0:00:30]} e5 {[%emt 0:00:07]} 25. fxe5 {[%emt 0:18:59]} Rxe5 {[%emt 0:00:10]} 26. Nc6 {[%emt 0:00:53]} Rxe2 {[%emt 0:01:02]} 27. a4 {[%emt 0:00:02]} Ra2 {[%emt 0:02:50]} 28. a5 {[%emt 0:00:02]} Bf8 {[%emt 0:00:10]} 29. Rc1 {[%emt 0:00:51]} Bd6 {[%emt 0:01:39]} 30. Bf1 {[%emt 0:01:45]} Ne4 {[%emt 0:06:50]} 31. a6 {[%emt 0:01:50]} Bc5 {[%emt 0:05:57]} 32. Bd3 {[%emt 0:00:15]} Bxf2+ {[%emt 0:02:21]} 33. Kf1 {[%emt 0:00:03]} Be3 {[%emt 0:01:59]} 34. Rc2 {[%emt 0:01:18]} Rxc2 {[%emt 0:01:28]} 35. Bxc2 {[%emt 0:00:03]} Nf6 {[%emt 0:01:00]} 36. Ke2 {[%emt 0:00:32]} Bc5 {[%emt 0:00:28]} 37. Kd3 {[%emt 0:02:25]} Nd7 {[%emt 0:03:12]} 38. Kc4 {[%emt 0:00:21]} Bg1 {[%emt 0:00:46]} 39. Nd4 {[%emt 0:01:37]} Bxd4 {[%emt 0:00:05]} 40. Kxd4 {[%emt 0:00:15]} Nb8 {[%emt 0:00:08]} 41. Bd3 {[%emt 0:30:25]} Nxa6 {[%emt 0:30:04]} 42. Bxa6 {[%emt 0:00:02]} Kg7 {[%emt 0:00:21]} 43. Ke5 {[%emt 0:00:38]} h5 {[%emt 0:00:12]} 44. Bc4 {[%emt 0:00:05]} f6+ {[%emt 0:01:44]} 45. Ke6 {[%emt 0:00:03]} h4 {[%emt 0:00:21]} 46. Be2 {[%emt 0:00:41]} f5 {[%emt 0:01:06]} 47. Bf3 {[%emt 0:00:15]} g5 {[%emt 0:01:21]} 48. Kxf5 {[%emt 0:00:42]} g4 {[%emt 0:00:04]} 49. Bxg4 {[%emt 0:00:20]} h3 {[%emt 0:00:01]} 50. Ke4 1/2-1/2

[Event "WJCC U20 Girls 2019"]
[Site "New Delhi"]
[Date "2019.10.22"]
[Round "8.6"]
[White "Priyanka Nutakki"]
[Black "Vaishali R"]
[Result "1-0"]
[WhiteElo "2248"]
[BlackElo "2385"]
[Annotator "TA"]
[PlyCount "71"]
[EventDate "2019.10.15"]
[EventType "swiss"]
[EventCountry "IND"]
[SourceTitle "playchess.com"]
[Source "ChessBase"]
[SourceQuality "1"]

{[%evp 14,91,2,2,13,11,14,8,13,-16,17,10,10,21,41,26,36,25,45,27,27,19,33,29,30,29,68,60,60,71,59,62,66,66,75,11,87,74,100,94,86,89,96,91,96,93,121,168,177,182,188,152,231,182,369,378,377,359,417,0,0,0,0,0,0,0,0,0,0,0,0,0,0,0,0,0,190,191,208,210]} 1. Nf3 d5 2. e3 Nf6 3. c4 e6 4. b3 c5 5. Bb2 Nc6 6. cxd5 exd5 7. Bb5 Bd6 8. O-O O-O {A13: English Opening: 1...e6} 9. d4 (9. h3 Re8 10. d4 cxd4 11. Nxd4 Bc7 12. Nd2 Qd6 13. N2f3 Bd7 14. Be2 a6 15. Nc2 Ne4 16. Bd3 {½-½ (36) Karjakin,S (2748)-So,W (2763) Riga 2019}) 9... cxd4 10. Nxd4 Bc7 {The position is equal.} 11. Be2 a6 12. Nc3 Re8 13. Nxc6 bxc6 14. Bf3 Qd6 {[%csl Gc7][%cal Rd6h2]} 15. g3 Bh3 $146 ({Predecessor:} 15... Bf5 16. Rc1 {½-½ (50) Mostbauer,F (2348)-Steindl,J (2264) Austria 2019}) 16. Bg2 Qd7 17. Na4 Bxg2 18. Kxg2 Ne4 19. Rc1 Re6 {[#] next ...Rh6 is good for Black.} 20. Qg4 $1 $36 {[%csl Gb2][%cal Rg4g7][%mdl 2560] White fights for an advantage.} f5 21. Qxf5 Rf8 22. Qg4 Qf7 23. f4 h5 24. Qe2 (24. Qh3 $16) 24... Qf5 (24... Qe8 $11 25. Rf3 (25. Qxa6 h4 $17) 25... Rg6) 25. Bd4 $16 (25. Qxa6 Nd2 $15) 25... Rg6 26. Nc5 h4 {[%cal Rh4g3]} 27. Nxe4 (27. Nxa6 hxg3 28. h3 Nf2 $19) 27... Qxe4+ 28. Qf3 {Hoping for Qxe4.} Qf5 29. Rg1 Re8 30. Kf2 $1 hxg3+ 31. hxg3 ({But not} 31. Rxg3 $6 Ree6 $16) 31... Rh6 32. Rh1 {Strongly threatening Rxh6.} Rxh1 (32... Ree6 $16 {is a better defense.}) 33. Rxh1 c5 $2 (33... Bd8 34. Qh5 Qxh5 35. Rxh5 Bf6 36. Bxf6 gxf6) 34. Rh5 $1 $18 {[%cal Rh5f5]} Qc2+ 35. Kg1 Re4 {[#]} 36. Bxg7 {Played: Rh5-h8} 1-0

[Event "WJCC U20 Girls 2019"]
[Site "New Delhi"]
[Date "2019.10.22"]
[Round "8.7"]
[White "Munkhzul, Turmunkh"]
[Black "Diakonova, Ekaterina"]
[Result "1-0"]
[WhiteElo "2332"]
[BlackElo "2231"]
[Annotator "RC"]
[PlyCount "179"]
[EventDate "2019.10.15"]
[EventType "swiss"]
[EventCountry "IND"]
[SourceTitle "playchess.com"]
[Source "ChessBase"]
[SourceQuality "1"]
[TimeControl "40/5400+30:1800+30"]

1. e4 {[%emt 0:00:00]} c5 {[%emt 0:00:00]} 2. Nf3 {[%emt 0:01:06]} g6 {[%emt 0:00:00]} 3. d4 {[%emt 0:01:52]} cxd4 {[%emt 0:00:00]} 4. Nxd4 {[%emt 0:00:08]} Bg7 {[%emt 0:00:00]} 5. Be2 {[%emt 0:04:15]} Nc6 {[%emt 0:00:20]} 6. Nb3 {[%emt 0:00:25]} Nf6 {[%emt 0:00:51]} 7. Nc3 {[%emt 0:00:49]} O-O {[%emt 0:01:18]} 8. O-O {[%emt 0:03:17]} d6 {[%emt 0:01:21]} 9. Be3 {[%emt 0:01:51]} a6 {[%emt 0:02:12]} 10. a4 {[%emt 0:05:51]} Na5 {[%emt 0:01:09]} 11. e5 {[%emt 0:11:39]} Ne8 {[%emt 0:05:37]} 12. Nxa5 {[%emt 0:02:48]} Qxa5 {[%emt 0:00:05]} 13. Nd5 {[%emt 0:00:49]} Qd8 {[%emt 0:13:08]} 14. exd6 {[%emt 0:09:17]} Nxd6 {[%emt 0:11:13]} 15. Bc5 {[%emt 0:04:29]} Be5 {[%emt 0:09:31]} 16. c3 {[%emt 0:05:40]} Bf5 {[%emt 0:11:42]} 17. f4 {[%emt 0:02:51]} Bg7 {[%emt 0:00:25]} 18. Bf3 {[%emt 0:01:04]} Nc8 {[%emt 0:08:28]} 19. Nxe7+ {[%emt 0:03:31]} Nxe7 {[%emt 0:00:04]} 20. Qd3 Qd7 21. Qxd7 {[%emt 0:00:40]} Rfd8 {[%emt 0:00:34]} 22. Bxe7 Rxd7 {[%emt 0:00:15]} 23. Bc5 {[%emt 0:01:52]} Rc8 {[%emt 0:02:16]} 24. Bb6 {[%emt 0:02:23]} Bc2 {[%emt 0:06:09]} 25. a5 {[%emt 0:02:12]} Bf8 {[%emt 0:01:32]} 26. Rac1 {[%emt 0:05:12]} Bb3 {[%emt 0:00:16]} 27. Bg4 {[%emt 0:00:33]} f5 {[%emt 0:01:12]} 28. Bd1 {[%emt 0:00:44]} Bc4 {[%emt 0:03:18]} 29. Ba4 {[%emt 0:01:30]} Rd3 {[%emt 0:07:08]} 30. Rfd1 {[%emt 0:01:26]} Bc5+ {[%emt 0:00:25]} 31. Bxc5 {[%emt 0:00:29]} Rxc5 {[%emt 0:00:04]} 32. Rxd3 {[%emt 0:00:54]} Bxd3 {[%emt 0:00:04]} 33. b4 {[%emt 0:00:39]} Rc7 {[%emt 0:00:31]} 34. Kf2 {[%emt 0:01:04]} Kf7 {[%emt 0:00:27]} 35. Bb3+ {[%emt 0:01:31]} Kf6 {[%emt 0:00:12]} 36. Bd5 {[%emt 0:03:38]} Bc4 {[%emt 0:00:34]} 37. Bf3 {[%emt 0:00:39]} Bb3 {[%emt 0:02:19]} 38. c4 {[%emt 0:00:35]} g5 {[%emt 0:02:07]} 39. fxg5+ {[%emt 0:01:48]} Kxg5 {[%emt 0:00:05]} 40. Bd5 {[%emt 0:00:50]} Ba4 {[%emt 0:00:22]} 41. Re1 {[%emt 0:30:36]} Bc6 {[%emt 0:30:52]} 42. Rd1 {[%emt 0:09:24]} Kf4 {[%emt 0:03:30]} 43. c5 {[%emt 0:03:42]} h5 {[%emt 0:06:35]} 44. Bc4 {[%emt 0:02:53]} h4 {[%emt 0:01:03]} 45. Rd6 {[%emt 0:00:00]} Rg7 {[%emt 0:00:00]} 46. Bd5 {[%emt 0:00:00]} Bxd5 {[%emt 0:00:00]} 47. Rxd5 {[%emt 0:00:00]} Ke4 {[%emt 0:00:00]} 48. Rd8 {[%emt 0:00:00]} Ke5 {[%emt 0:00:00]} 49. Rd6 {[%emt 0:00:00]} Rg4 {[%emt 0:00:00]} 50. Rb6 {[%emt 0:00:00]} Rc4 {[%emt 0:00:00]} 51. h3 {[%emt 0:00:00]} Rc2+ {[%emt 0:00:00]} 52. Kg1 {[%emt 0:00:00]} Rc1+ {[%emt 0:00:00]} 53. Kh2 {[%emt 0:00:00]} Rb1 {[%emt 0:00:00]} 54. Rxb7 {[%emt 0:00:00]} Ke6 {[%emt 0:00:00]} 55. Rb6+ {[%emt 0:00:00]} Kd5 {[%emt 0:00:00]} 56. Rd6+ {[%emt 0:00:00]} Ke5 {[%emt 0:00:00]} 57. Rxa6 {[%emt 0:00:00]} Rxb4 {[%emt 0:00:00]} 58. Rb6 {[%emt 0:00:00]} Ra4 {[%emt 0:00:00]} 59. a6 {[%emt 0:00:00]} Kd5 {[%emt 0:01:21]} 60. c6 {[%emt 0:00:00]} Kd6 {[%emt 0:00:04]} 61. c7+ {[%emt 0:00:00]} Kxc7 {[%emt 0:00:05]} 62. Rf6 {[%emt 0:00:00]} Rf4 {[%emt 0:00:59]} 63. Rf7+ {[%emt 0:00:00]} Kb8 {[%emt 0:00:06]} 64. g4 {[%emt 0:00:00]} hxg3+ {[%emt 0:03:09]} 65. Kxg3 {[%emt 0:00:00]} Ra4 {[%emt 0:00:57]} 66. Rf6 {[%emt 0:00:00]} Kc7 {[%emt 0:03:29]} 67. a7 {[%emt 0:00:00]} Kb7 {[%emt 0:00:01]} 68. Rxf5 {[%emt 0:00:00]} Kxa7 {[%emt 0:00:23]} 69. Rb5 {[%emt 0:00:00]} Ra1 {[%emt 0:00:22]} 70. Kg4 {[%emt 0:00:00]} Rg1+ {[%emt 0:00:24]} 71. Kh5 {[%emt 0:00:00]} Ka6 {[%emt 0:00:33]} 72. Rg5 {[%emt 0:00:25]} Rh1 {[%emt 0:00:20]} 73. h4 {[%emt 0:00:04]} Kb6 {[%emt 0:00:40]} 74. Rd5 {[%emt 0:00:09]} Kc6 {[%emt 0:00:19]} 75. Rd2 {[%emt 0:00:10]} Kc7 {[%emt 0:03:59]} 76. Kg5 {[%emt 0:00:21]} Rg1+ {[%emt 0:00:02]} 77. Kh6 {[%emt 0:00:16]} Rc1 {[%emt 0:00:56]} 78. h5 {[%emt 0:00:13]} Kb7 {[%emt 0:00:22]} 79. Rg2 Rc5 {[%emt 0:00:51]} 80. Rg5 {[%emt 0:01:15]} Rc6+ {[%emt 0:00:11]} 81. Kh7 {[%emt 0:00:17]} Kb8 {[%emt 0:00:46]} 82. Rg8+ {[%emt 0:00:27]} Kb7 {[%emt 0:00:06]} 83. h6 {[%emt 0:00:18]} Ka7 {[%emt 0:00:27]} 84. Kg7 {[%emt 0:00:22]} Rc7+ {[%emt 0:00:08]} 85. Kg6 {[%emt 0:00:07]} Rc6+ {[%emt 0:00:07]} 86. Kh5 {[%emt 0:00:16]} Rc5+ {[%emt 0:00:34]} 87. Rg5 {[%emt 0:00:11]} Rc1 {[%emt 0:00:33]} 88. h7 {[%emt 0:00:08]} Rc8 {[%emt 0:00:18]} 89. Rg8 {[%emt 0:00:05]} Rc5+ {[%emt 0:00:04]} 90. Kg4 {[%emt 0:00:09]} 1-0

[Event "WJCC U20 Girls 2019"]
[Site "New Delhi"]
[Date "2019.10.22"]
[Round "8.8"]
[White "Rakshitta Ravi"]
[Black "Aakanksha Hagawane"]
[Result "0-1"]
[WhiteElo "2310"]
[BlackElo "2181"]
[Annotator "TA"]
[PlyCount "130"]
[EventDate "2019.10.15"]
[EventType "swiss"]
[EventCountry "IND"]
[SourceTitle "playchess.com"]
[Source "ChessBase"]
[SourceQuality "1"]

{[%evp 11,130,-8,-16,-24,-30,-30,10,-43,-39,-58,-34,-44,-31,-45,-6,-14,-14,-14,-14,-14,-14,-20,-17,-19,9,8,0,0,0,-10,-10,-14,-14,-14,-9,-9,-10,-14,-12,-16,-10,-10,-6,-12,-7,-19,-12,-19,-10,-20,-21,-59,-48,-134,-139,-264,-264,-262,-260,-256,-254,-256,-255,-223,-255,-283,-289,-308,-292,-375,-282,-272,-256,-242,-233,-226,-96,-87,0,-155,-164,-233,-236,-460,-461,-535,-507,-535,-536,-900,-503,-491,-485,-992,-485,-445,-254,-792,-936,-907,-908,-796,-795,-768,-631,-1672,-1568,-1335,-1352,-1060,-956,-892,-768,-29974,-4633,-29975,-29969,-29984,-29982,-29982,-29983]} 1. e4 c5 2. Nc3 d6 3. Nf3 Nf6 4. e5 dxe5 5. Nxe5 a6 6. a4 Qc7 7. Nc4 {B50: Sicilian: 2...d6, Miscellaneous} Nc6 8. d3 h6 $146 ({Predecessor:} 8... Nd4 9. Ne2 Nxe2 10. Bxe2 Bf5 11. Bf3 Rd8 12. Bd2 b6 13. Qe2 e6 14. Bc3 Nd7 {1-0 (22) Mamedov,R (2688)-Wojtaszek,R (2749) Tallinn 2016}) 9. h3 ({White should play} 9. g3 $11) 9... Be6 $15 10. g3 Bxc4 11. dxc4 Rd8 12. Bd2 Ne5 13. Qe2 Qc6 14. Nd5 $1 Nxc4 {[%mdl 64] Decoy} 15. Qxc4 Qxd5 16. Qxd5 Nxd5 17. Bg2 Rd7 18. O-O-O e6 19. Ba5 b5 20. Rhe1 (20. Rd2 {keeps more tension.} Rd6 21. Rhd1 Kd7 22. b3 b4 23. Bxd5 Rxd5 24. Rxd5+ exd5 25. Rxd5+ Bd6 26. c3) 20... Be7 21. axb5 axb5 22. Bxd5 Rxd5 23. Rxd5 exd5 $11 {[%mdl 4096] Endgame KRB-KRB} 24. Re5 Kd7 {aiming for ...Ra8.} 25. Rxd5+ Kc6 26. Rf5 f6 {Hoping for ...b4.} 27. Bd2 Ra8 {[%cal Ra8a1]} 28. c3 (28. b3 {seems wilder.} Kd7 29. Be3 Ke6 30. g4 g6 31. Rf3) 28... Ra1+ 29. Kc2 Bd6 30. Rf3 Rf1 31. h4 c4 32. Be3 ({White should try} 32. b4 $1 $15) 32... Kd5 $1 $17 {[%cal Rd5e4] Threatens to win with ...Ke4.} 33. Bd4 (33. Ba7 $17 {is a better defense.}) 33... b4 $19 34. b3 Ra1 35. Rf5+ Ke4 36. Rb5 Ra2+ 37. Kb1 cxb3 38. Rb6 Kd5 39. Be3 {Strongly threatening c4+!} Rc2 $1 (39... bxc3 40. Rxb3 Ra3 41. Rxa3 $15) 40. cxb4 Re2 {And now ...Be5 would win.} 41. Bd4 Bc7 ({But not} 41... Kxd4 42. Rxd6+ Kc3 43. Rc6+ Kxb4 44. Rb6+ Kc3 45. Rc6+ Kd4 46. Rd6+ Kc5 47. Rd7 $19) 42. Rb7 Rc2 ({Inferior is} 42... Kxd4 43. Rxc7 Rxf2 44. b5 $15) 43. Bb2 Kc6 (43... Bd6 $1 $19 44. Rb5+ Kc6) 44. Ra7 $17 Kd5 (44... h5 $17 45. f4 Kb5) 45. b5 $2 (45. Rb7 $11) 45... Bb6 $1 {[%cal Rb6a7]} 46. Rb7 (46. Rd7+ $142 Kc4 47. Rb7) 46... Bc5 $1 $19 ({Not} 46... Bxf2 47. b6 $15) 47. Rxg7 $2 (47. Rd7+ {was necessary.} Kc4 48. Bc1) 47... Rxf2 48. Rd7+ Kc4 {White must now prevent ...Rf1+.} 49. Rd1 h5 50. Bc1 Re2 51. Bb2 {[#]} f5 $1 52. Rf1 (52. Bg7 $142 Re3 53. b6 Bxb6 54. Rc1+ Kd5 55. Rf1) 52... Rf2 (52... Kxb5 $142 53. Bc3 Bf2) 53. Rd1 Kxb5 (53... Rf3 $142 54. Be5 Kxb5) 54. Be5 $2 (54. Bd4 Rf3 55. Be5) 54... Kc4 55. Rc1+ Kd5 56. Bf6 Ba3 57. Re1 Rf3 58. Rd1+ Ke6 59. Bg5 Rxg3 60. Rf1 Rg2 61. Bf4 Kd5 {...Rb2+ is the strong threat.} 62. Re1 Bc5 (62... Rb2+ $142 63. Ka1 Ra2+ 64. Kb1 Rb2+ 65. Ka1 Ra2+ 66. Kb1 Bb2 67. Re3 Kc4 68. Be5 {[#]} f4 $1 {[%mdl 512]} 69. Re1 Bxe5 70. Rxe5 f3 71. Re4+ Kd3 72. Rb4 Kc3 73. Rb8 f2 74. Rf8 Kd3 75. Rf6 Ke2 76. Re6+ Kd1 77. Rf6 Ke1 78. Re6+ Re2 79. Rc6 f1=Q 80. Rc1+ Kf2 81. Rxf1+ Kxf1 82. Ka1 Rc2 83. Kb1 Ke2 84. Ka1 Kd3 85. Kb1 Kc3 86. Ka1 Rc1#) 63. Re5+ Kc4 {Black mates.} 64. Re1 Rg1 65. Rxg1 Bxg1 {Accuracy: White = 42%, Black = 60%.} 0-1

[Event "WJCC U20 Girls 2019"]
[Site "New Delhi"]
[Date "2019.10.22"]
[Round "8.9"]
[White "Li, Yunshan"]
[Black "Mrudul Dehankar"]
[Result "1-0"]
[WhiteElo "2289"]
[BlackElo "2227"]
[Annotator "TA"]
[PlyCount "109"]
[EventDate "2019.10.15"]
[EventType "swiss"]
[EventCountry "IND"]
[SourceTitle "playchess.com"]
[Source "ChessBase"]
[SourceQuality "1"]

{[%evp 14,109,2,6,49,49,30,17,47,44,125,129,115,101,96,68,60,60,37,36,37,26,29,22,33,27,39,17,25,14,18,16,19,0,0,-28,-6,-23,-19,-37,-2,-58,0,0,0,0,0,0,32,27,61,-12,-15,-9,44,50,66,67,64,81,82,85,89,76,94,72,178,170,169,168,171,112,117,115,135,126,143,140,144,133,637,625,543,372,1116,1116,29985,29986,29984,29985,29987,29988,29988,29989,29993,29994,29994,29995]} 1. d4 Nf6 2. c4 e6 3. Nc3 Bb4 4. Qc2 O-O 5. a3 Bxc3+ 6. Qxc3 b6 7. Bg5 Bb7 8. f3 Nc6 {E32: Nimzo-Indian: Classical (4 Qc2): 4...0-0} (8... h6 9. Bh4 d5 10. e3 Re8 11. cxd5 exd5 12. Bb5 c6 13. Ba4 Qe7 14. Bf2 Nbd7 15. Ne2 Rac8 16. O-O Ba6 17. Rfe1 c5 18. Qd2 Bxe2 19. Rxe2 cxd4 20. Qxd4 {1-0 (39) So,W (2780)-Vidit,S (2718) chess.com INT 2018}) 9. e3 Re8 10. Bd3 Qe7 $146 {The position is equal.} ({Predecessor:} 10... d5 11. Qc2 h6 12. Bh4 Na5 13. c5 bxc5 14. dxc5 e5 15. Ne2 d4 16. exd4 exd4 {1-0 (31) Contini,D-Rosell corr 1966}) 11. Ne2 e5 (11... h6 $14 12. Bh4 Ne4 13. Bxe7 Nxc3) 12. d5 $16 Nb8 13. Qc2 h6 14. Bxf6 Qxf6 15. Nc3 a5 16. Rb1 d6 17. O-O Nd7 18. b4 Qg5 19. Rfe1 g6 20. Ne4 Qe7 21. Qb3 Kg7 22. Rec1 f5 23. Nd2 Qg5 24. Nf1 e4 25. fxe4 fxe4 26. Bc2 Nf6 27. Re1 (27. Qc3 $11) 27... Re5 (27... axb4 $15 28. Qxb4 Qe5) 28. Qc3 $11 axb4 29. axb4 Rf8 ({Much worse is} 29... Ra2 $6 30. Ra1 $14) 30. Ng3 Qh4 {And now ...Ng4 would win.} (30... b5 $5) 31. Bd1 Bc8 32. c5 (32. Rf1 $14) 32... Nxd5 33. Qd4 Kh7 ({Black should play} 33... bxc5 $11 34. bxc5 Qf6) 34. cxd6 $14 cxd6 35. Bb3 Be6 36. Bxd5 Bxd5 37. Qxb6 Qe7 38. Rbc1 Rf7 39. Rf1 h5 (39... Rxf1+ $16 40. Nxf1 Qf6) 40. Rxf7+ $18 Bxf7 41. Rc7 Qe6 42. Qd4 (42. h3 $18) 42... Kg8 $16 43. h3 h4 44. Ne2 {Strongly threatening Nc3.} Rd5 45. Qa1 $36 {[%mdl 2048] Threatens to win with Nf4! White is in control.} Rd2 46. Nf4 Qf5 $2 {[%mdl 8192]} (46... Ra2 $16 47. Qd1 Qe5) 47. Ra7 $18 {Intending Ra8+ and mate.} Qe5 {Hoping for ...Qxa1+.} 48. Qe1 Qc3 $2 (48... Ra2 49. Rxa2 Bxa2 50. Nxg6 Qg5 51. Nxh4 Be6) 49. Ra8+ Kg7 50. Qxh4 {[%csl Ga8][%cal Rh4h8] White mates.} Qxe3+ 51. Kh2 {[%csl Ga8][%cal Rh4h8]} Bg8 52. Qe7+ Kh6 {[#]} 53. Qf6 $1 {[%csl Gf4][%cal Rf6g6][%mdl 512]} Bh7 {[#]} 54. Rh8 $1 {[%csl Gf4][%cal Rf6g6][%mdl 512]} Rxg2+ 55. Nxg2 {Accuracy: White = 66%, Black = 39%.} 1-0

[Event "WJCC U20 Girls 2019"]
[Site "New Delhi"]
[Date "2019.10.22"]
[Round "8.10"]
[White "Altantuya, Boldbaatar"]
[Black "Afraoui, Anaelle"]
[Result "1-0"]
[WhiteElo "2277"]
[BlackElo "2106"]
[Annotator "RC"]
[PlyCount "85"]
[EventDate "2019.10.15"]
[EventType "swiss"]
[EventCountry "IND"]
[SourceTitle "playchess.com"]
[Source "ChessBase"]
[SourceQuality "1"]
[TimeControl "40/5400+30:1800+30"]

1. d4 {[%emt 0:00:00]} Nf6 {[%emt 0:00:00]} 2. Nf3 {[%emt 0:00:00]} g6 {[%emt 0:00:00]} 3. Nc3 {[%emt 0:00:00]} d5 {[%emt 0:05:02]} 4. Bf4 {[%emt 0:00:09]} Bg7 {[%emt 0:00:17]} 5. h3 {[%emt 0:00:20]} O-O {[%emt 0:01:02]} 6. e3 {[%emt 0:00:18]} c5 {[%emt 0:01:20]} 7. Bd3 {[%emt 0:02:31]} Nc6 {[%emt 0:02:05]} 8. O-O {[%emt 0:08:16]} b6 {[%emt 0:01:58]} 9. Bh2 {[%emt 0:04:44]} Bf5 {[%emt 0:07:57]} 10. Bb5 {[%emt 0:04:31]} Na5 {[%emt 0:06:48]} 11. Ne5 {[%emt 0:02:55]} Qc8 {[%emt 0:12:07]} 12. Be2 {[%emt 0:11:20]} Rd8 {[%emt 0:00:36]} 13. Rc1 {[%emt 0:07:46]} h5 {[%emt 0:07:54]} 14. Qe1 {[%emt 0:06:07]} Nh7 {[%emt 0:05:36]} 15. dxc5 {[%emt 0:08:58]} Qxc5 {[%emt 0:02:21]} 16. Na4 Qc8 {[%emt 0:01:04]} 17. Qb4 {[%emt 0:16:02]} Qe6 {[%emt 0:10:08]} 18. Nf3 {[%emt 0:06:04]} d4 {[%emt 0:05:37]} 19. Bf4 {[%emt 0:02:19]} Rac8 {[%emt 0:02:29]} 20. Ba6 {[%emt 0:05:46]} Rxc2 {[%emt 0:02:20]} 21. Nxd4 {[%emt 0:02:13]} Bxd4 {[%emt 0:02:30]} 22. exd4 {[%emt 0:00:12]} Nc6 {[%emt 0:01:30]} 23. Qa3 {[%emt 0:01:52]} Nxd4 {[%emt 0:02:35]} 24. Rce1 {[%emt 0:01:22]} Qf6 {[%emt 0:10:19]} 25. Qxe7 {[%emt 0:04:32]} Qxe7 {[%emt 0:04:51]} 26. Rxe7 {[%emt 0:00:05]} b5 {[%emt 0:00:12]} 27. Nc3 {[%emt 0:01:43]} Rxb2 {[%emt 0:02:38]} 28. Rfe1 {[%emt 0:02:03]} Ne6 {[%emt 0:00:48]} 29. Be5 {[%emt 0:01:43]} b4 {[%emt 0:00:58]} 30. Nd5 {[%emt 0:00:18]} Rxa2 {[%emt 0:00:31]} 31. Nxb4 {[%emt 0:00:10]} Ra4 {[%emt 0:01:02]} 32. Nc6 {[%emt 0:00:26]} Ra8 {[%emt 0:00:48]} 33. Bb7 Rf8 {[%emt 0:00:08]} 34. Rd7 {[%emt 0:01:13]} Nhg5 {[%emt 0:00:42]} 35. Bd6 {[%emt 0:00:36]} Re8 {[%emt 0:00:36]} 36. h4 {[%emt 0:00:28]} Ne4 {[%emt 0:00:26]} 37. Ne7+ {[%emt 0:00:38]} Kg7 {[%emt 0:00:30]} 38. Bc6 {[%emt 0:00:17]} Ra5 {[%emt 0:00:36]} 39. Bxe4 {[%emt 0:00:08]} Bxe4 {[%emt 0:00:32]} 40. Rxe4 {[%emt 0:00:08]} Kf6 {[%emt 0:00:31]} 41. Bb4 {[%emt 0:30:50]} Ra1+ {[%emt 0:02:58]} 42. Kh2 {[%emt 0:00:00]} Rc1 {[%emt 0:00:16]} 43. Bc3+ {[%emt 0:00:00] Rg1 Kxg1+ Rh8} 1-0